900 câu tiếng Anh giao tiếp trong cuộc sống

Nội dung sách giới thiệu và cung cấp cho người học cách học sinh động trong tình huống giao tiếp thực tế và luyện tập nghe nói tự nhiên qua hình ảnh có kèm phần giải thích bằng tiếng Việt.

Gorde:
Xehetasun bibliografikoak
Egile nagusia: Kirkman, Joshua
Formatua: Liburua
Hizkuntza:Undetermined
Argitaratua: Thành phố Hồ Chí Minh Nhà xuất bản Tổng hợp Thành phố Hồ Chí Minh 2012
Gaiak:
Etiketak: Etiketa erantsi
Etiketarik gabe, Izan zaitez lehena erregistro honi etiketa jartzen!
Thư viện lưu trữ: Trung tâm Học liệu Trường Đại học Cần Thơ
LEADER 01080nam a2200217Ia 4500
001 CTU_196859
008 210402s9999 xx 000 0 und d
020 |c 166000 
082 |a 428.34 
082 |b K59/T.1 
100 |a Kirkman, Joshua 
245 0 |a 900 câu tiếng Anh giao tiếp trong cuộc sống 
245 0 |c Joshua Kirkman ; Nguyễn Thành Yến dịch 
260 |a Thành phố Hồ Chí Minh 
260 |b Nhà xuất bản Tổng hợp Thành phố Hồ Chí Minh 
260 |c 2012 
520 |a Nội dung sách giới thiệu và cung cấp cho người học cách học sinh động trong tình huống giao tiếp thực tế và luyện tập nghe nói tự nhiên qua hình ảnh có kèm phần giải thích bằng tiếng Việt. 
650 |a Anh ngữ,English language,Test of English for International Communication 
650 |x Nói tiếng Anh,Spoken english,Study guides 
904 |i Tuyến 
980 |a Trung tâm Học liệu Trường Đại học Cần Thơ